[Event "Michigan Masters/Experts Championship"]
[Site "Flint, Mich."]
[Date "1993.01.27"]
[Round "4"]
[White "Moody, David"]
[Black "Gabbara, Faris"]
[Result "0-1"]
[WhiteElo "2000"]
[BlackElo "2202"]
[PlyCount "126"]
[EventDate "1993.01.16"]

1. e4 e5 2. Nf3 Nc6 3. d4 exd4 4. Bc4 Nf6 5. O-O Bc5 6. e5 d5 7. exf6 dxc4 8.
Re1+ Be6 9. Ng5 Qd5 10. Nc3 Qf5 11. Nce4 Bf8 12. Nxf7 gxf6 13. g4 Rg8 14. Neg5
Qd5 15. Rxe6+ Be7 16. Qe2 Kd7 17. Nh6 Rxg5 18. Bxg5 Qxe6 19. Qxe6+ Kxe6 20.
Re1+ Kd5 21. Nf5 Bd8 22. Bf4 Ne5 23. Bxe5 fxe5 24. h4 c5 25. g5 Ba5 26. Rd1 Rf8
27. Ne3+ Ke4 28. Nxc4 Bc7 29. Kg2 Kf4 30. f3 e4 31. fxe4 Kxe4 32. Re1+ Kd5 33.
Nd2 Rf4 34. Re7 Rg4+ 35. Kf2 Bf4 36. Nf3 Bg3+ 37. Ke2 Re4+ 38. Rxe4 Kxe4 39. h5
Kf5 40. Kd3 Bf4 41. g6 hxg6 42. hxg6 Kxg6 43. c3 dxc3 44. Kxc3 Kf5 45. Kc4 Ke4
46. Ne1 b6 47. Nd3 b5+ 48. Kc3 Be3 49. b3 a5 50. a3 Kd5 51. Ne1 Bc1 52. a4 Ba3
53. Nc2 Bb4+ 54. Kd3 c4+ 55. bxc4+ bxc4+ 56. Ke2 Ke4 57. Kd1 Kd3 58. Nxb4+ axb4
59. a5 c3 60. a6 c2+ 61. Kc1 Kc3 62. a7 b3 63. a8=Q b2# 0-1

[Event "Lansing Mini-Swiss (February)"]
[Site "Lansing, Mich."]
[Date "1993.02.14"]
[Round "2"]
[White "Perry, Reginald"]
[Black "Moody, David"]
[Result "0-1"]
[WhiteElo "2088"]
[BlackElo "2070"]
[PlyCount "116"]
[EventDate "1993.02.14"]

1. Nf3 g6 2. c4 Bg7 3. d4 Nf6 4. Nc3 O-O 5. e4 d6 6. Be2 c5 7. d5 e6 8. dxe6
fxe6 9. Bg5 a6 10. Qd2 Qc7 11. O-O-O Rd8 12. e5 Ng4 13. Bxd8 Qxd8 14. Ne4 Bh6
15. Nf6+ Kg7 16. Ng5 Nxf2 17. h4 Nxh1 18. Rxh1 Nc6 19. Qxd6 Qxd6 20. Ne8+ Kg8
21. exd6 Bg7 22. Rf1 Bd7 23. Nxg7 Nd8 24. N7xe6 Bxe6 25. Nxe6 Nxe6 26. Bf3 Rd8
27. Bxb7 Rxd6 28. Bd5 Kg7 29. g4 Nd4 30. g5 Nf5 31. Re1 Kf8 32. Re4 a5 33. Kd2
Rb6 34. b3 a4 35. bxa4 Ra6 36. Be6 Rxa4 37. Bxf5 Rxa2+ 38. Ke3 gxf5 39. Re5
Ra3+ 40. Kd2 Rf3 41. Ke2 Rf4 42. Rxc5 Kg7 43. Rc7+ Kg6 44. c5 Rxh4 45. c6 Rc4
46. Rc8 Kxg5 47. c7 Kf4 48. Kd3 Rc1 49. Kd4 h5 50. Kd5 h4 51. Kd6 h3 52. Rh8
Kg3 53. c8=Q Rxc8 54. Rxc8 h2 55. Rc1 f4 56. Ke5 f3 57. Ke4 f2 58. Rf1 Kg2 0-1

[Event "Lansing Mini-Swiss (February)"]
[Site "Lansing, Mich."]
[Date "1993.02.14"]
[Round "1"]
[White "Moody, David"]
[Black "Triplett, Thomas"]
[Result "1/2-1/2"]
[WhiteElo "2070"]
[BlackElo "1909"]
[PlyCount "64"]
[EventDate "1993.02.14"]

1. f4 Nf6 2. Nf3 g6 3. e3 Bg7 4. d4 b6 5. Bd3 Bb7 6. Nbd2 O-O 7. O-O d6 8. Qe1
c5 9. c3 Ba6 10. Bxa6 Nxa6 11. e4 cxd4 12. e5 Nd5 13. Nxd4 Nc5 14. exd6 Qxd6
15. Nc4 Qd7 16. f5 Nd3 17. Qh4 Nxc1 18. Raxc1 Rac8 19. fxg6 fxg6 20. Rxf8+ Rxf8
21. Rf1 Rxf1+ 22. Kxf1 b5 23. Nd2 e5 24. N4f3 Ne3+ 25. Kg1 Nf5 26. Qe4 h6 27.
Nf1 Kh7 28. h4 Nd6 29. Qd5 Qe7 30. Ne3 Kh8 31. Qa8+ Kh7 32. Qd5 Kh8 1/2-1/2

[Event "Lansing Mini-Swiss (February)"]
[Site "Lansing, Mich."]
[Date "1993.02.14"]
[Round "3"]
[White "Moody, David"]
[Black "Morris, Jewell"]
[Result "0-1"]
[WhiteElo "2070"]
[BlackElo "1914"]
[PlyCount "104"]
[EventDate "1993.02.14"]

1. e4 c5 2. c3 d5 3. exd5 Qxd5 4. d4 e6 5. Nf3 Nc6 6. Na3 cxd4 7. Nb5 Bd6 8.
Bc4 Qe4+ 9. Be3 Bb8 10. cxd4 Nf6 11. Nc3 Qg4 12. h3 Qh5 13. O-O O-O 14. Ne5
Qxd1 15. Rfxd1 Nxe5 16. dxe5 Bxe5 17. Bc5 Bd7 18. Bxf8 Kxf8 19. Ne4 Ba4 20.
Nxf6 Bxf6 21. Rd2 Rc8 22. Rc1 Bg5 23. Rdc2 Bxc1 24. Rxc1 b5 25. b3 bxc4 26.
bxa4 Ke7 27. Kf1 Kd6 28. Ke1 Kc5 29. Rb1 Rc7 30. Kd2 Kd4 31. Kc2 f5 32. Rd1+
Kc5 33. Rb1 a6 34. a5 g6 35. Kc3 Rd7 36. Rb6 Rd3+ 37. Kc2 Rd6 38. Rb7 h5 39. a4
e5 40. Kc3 e4 41. Rc7+ Rc6 42. Rd7 Rd6 43. Rc7+ Kd5 44. Rb7 f4 45. Rf7 e3 46.
Rxf4 e2 47. Rd4+ Ke5 48. f4+ Kf5 49. g4+ hxg4 50. hxg4+ Kxg4 51. Rxd6 e1=Q+ 52.
Kxc4 Kxf4 0-1

[Event "Boynton Action Hexagonal (February)"]
[Site "Detroit, Mich."]
[Date "1993.02.27"]
[Round "5"]
[White "Thompson, Dexter"]
[Black "Moody, David"]
[Result "0-1"]
[WhiteElo "2294"]
[BlackElo "2070"]
[PlyCount "52"]
[EventDate "1993.02.27"]

1. e4 e5 2. Nf3 Nf6 3. Nc3 Bb4 4. Bc4 Bxc3 5. dxc3 d6 6. O-O O-O 7. Bg5 Be6 8.
Bd3 Nbd7 9. h3 Re8 10. Qd2 Nf8 11. Rad1 Ng6 12. Qc1 h6 13. Be3 Nh5 14. Be2 Nhf4
15. Rfe1 Qf6 16. Nh2 Nh4 17. Bxf4 exf4 18. Ng4 Qg5 19. g3 Ng6 20. h4 Qc5 21.
Kg2 h5 22. Nh2 Bh3+ 23. Kf3 Ne5+ 24. Kxf4 Qxf2+ 25. Bf3 Ng6+ 26. Kg5 Re5# 0-1

[Event "Boynton Action Hexagonal (February)"]
[Site "Detroit, Mich."]
[Date "1993.02.27"]
[Round "1"]
[White "Moody, David"]
[Black "Gabbara, Faris"]
[Result "0-1"]
[WhiteElo "2070"]
[BlackElo "2197"]
[PlyCount "88"]
[EventDate "1993.02.27"]

1. e4 d6 2. d4 g6 3. Nc3 Bg7 4. f4 c6 5. Nf3 Nh6 6. Be2 O-O 7. O-O f5 8. e5 Na6
9. Bc4+ d5 10. Bxa6 bxa6 11. Na4 e6 12. Nc5 Re8 13. Nd2 Qb6 14. Ndb3 Bf8 15.
Rf3 Nf7 16. Bd2 Nd8 17. Ba5 Qb8 18. Qe1 Bxc5 19. Nxc5 Qxb2 20. Nb3 Rb8 21. Qd2
Rxb3 22. Bc3 Rxc3 23. Qxc3 Qxc3 24. Rxc3 Re7 25. Rb1 Rb7 26. Rcb3 Kf7 27. Kf2
Ke7 28. Kg3 Kd7 29. Kh4 h6 30. g4 a5 31. gxf5 exf5 32. Rxb7+ Bxb7 33. Rg1 Ne6
34. Rxg6 Nxd4 35. Rg7+ Kc8 36. Kh5 c5 37. Kg6 Bc6 38. Rxa7 a4 39. Kxh6 Nxc2 40.
e6 d4 41. Kg7 d3 42. e7 d2 43. Ra8+ Kb7 44. Rd8 Nd4 0-1

[Event "Boynton Action Hexagonal (February)"]
[Site "Detroit, Mich."]
[Date "1993.02.27"]
[Round "4"]
[White "Moody, David"]
[Black "Finegold, Ben"]
[Result "0-1"]
[WhiteElo "2070"]
[BlackElo "2590"]
[PlyCount "72"]
[EventDate "1993.02.27"]

1. e4 c5 2. c3 d5 3. exd5 Qxd5 4. d4 Nc6 5. Nf3 Bg4 6. Be2 e6 7. O-O Nf6 8. Na3
Rc8 9. Bf4 cxd4 10. Nxd4 Bxe2 11. Nxe2 Bxa3 12. bxa3 O-O 13. Qa4 Rfd8 14. Rfd1
Qe4 15. Qxe4 Nxe4 16. f3 Nc5 17. Nd4 Nxd4 18. cxd4 Na4 19. Kf2 Kf8 20. Rac1 Nc3
21. Re1 Rxd4 22. Ke3 Rdd8 23. Be5 Nd5+ 24. Ke2 f6 25. Bb2 Ke7 26. g3 Nb6 27.
Rxc8 Rxc8 28. Rc1 Rxc1 29. Bxc1 Kd6 30. Kd3 Kd5 31. Be3 e5 32. a4 Nxa4 33. Bxa7
b6 34. Bb8 Kc6 35. Kc4 Nc5 36. Kb4 Na6+ 0-1

[Event "Boynton Action Hexagonal (February)"]
[Site "Detroit, Mich."]
[Date "1993.02.27"]
[Round "2"]
[White "Finegold, Mark"]
[Black "Moody, David"]
[Result "1/2-1/2"]
[WhiteElo "2234"]
[BlackElo "2070"]
[PlyCount "69"]
[EventDate "1993.02.27"]

1. e4 e5 2. Nf3 Nc6 3. Bb5 a6 4. Bxc6 dxc6 5. O-O Qd6 6. c3 Bg4 7. h3 Bxf3 8.
Qxf3 Qg6 9. d4 exd4 10. cxd4 O-O-O 11. Be3 Nf6 12. e5 Nd5 13. Nc3 Bb4 14. Ne4
h6 15. a3 Be7 16. Rfd1 Rhe8 17. Ng3 Bf8 18. Nf5 c5 19. Nd6+ cxd6 20. Qxd5 dxe5
21. Qc4 exd4 22. Bf4 Qe6 23. Qa4 Bd6 24. Bxd6 Qxd6 25. Rac1 b5 26. Qa5 Re2 27.
Qb4 Re5 28. Qb3 Qc7 29. Qf3 Rde8 30. Qa8+ Qb8 31. Qxa6+ Qb7 32. Qd6 Qc7 33.
Qa6+ Qb7 34. Qd6 Qc7 35. Qa6+ 1/2-1/2

[Event "Boynton Action Hexagonal (February)"]
[Site "Detroit, Mich."]
[Date "1993.02.27"]
[Round "3"]
[White "Calton, Bill"]
[Black "Moody, David"]
[Result "0-1"]
[WhiteElo "2053"]
[BlackElo "2070"]
[PlyCount "62"]
[EventDate "1993.02.27"]

1. e4 e5 2. Bc4 Nf6 3. d3 Nc6 4. Nc3 Bb4 5. Nge2 d6 6. O-O Be6 7. Nd5 Bxd5 8.
exd5 Ne7 9. c3 Bc5 10. Bg5 Nd7 11. d4 Bb6 12. Kh1 O-O 13. f4 f6 14. Bh4 Nf5 15.
Bf2 Qe8 16. Qc2 Nh6 17. Bd3 f5 18. fxe5 dxe5 19. dxe5 Nxe5 20. Bxb6 axb6 21.
Bxf5 Nxf5 22. Rxf5 Ng4 23. Nd4 Rxa2 24. Raf1 Rxf5 25. Qxf5 Ne3 26. Re1 Ra1 27.
Qf2 Ng4 28. Rxa1 Nxf2+ 29. Kg1 Qe3 30. Ra8+ Kf7 31. h4 Ng4+ 0-1

[Event "Trenton Mini-Swiss (March)"]
[Site "Trenton, Mich."]
[Date "1993.03.21"]
[Round "2"]
[White "Moody, David"]
[Black "Dlugas, Dan"]
[Result "1-0"]
[WhiteElo "2070"]
[BlackElo "1892"]
[PlyCount "59"]
[EventDate "1993.03.21"]

1. e4 Nf6 2. Nc3 e5 3. Bc4 Nxe4 4. Qh5 Nd6 5. Bb3 Nc6 6. Nb5 g6 7. Qf3 f5 8.
Qd5 Qe7 9. Nxc7+ Kd8 10. Nxa8 b5 11. d3 Bg7 12. Be3 Nd4 13. Qc5 Nc6 14. Nf3 f4
15. Bd2 Bb7 16. Nb6 axb6 17. Qxb6+ Kc8 18. O-O-O Qf6 19. Bc3 b4 20. Bxb4 Nxb4
21. Qxb4 e4 22. Bd5 exf3 23. Bxb7+ Nxb7 24. gxf3 Qh4 25. Qb6 Rf8 26. Rde1 Qh5
27. Re4 Qxf3 28. Rhe1 Rd8 29. Rc4+ Kb8 30. Qc7+ 1-0

[Event "Trenton Mini-Swiss (March)"]
[Site "Trenton, Mich."]
[Date "1993.03.21"]
[Round "3"]
[White "Gabbara, Faris"]
[Black "Moody, David"]
[Result "0-1"]
[WhiteElo "2197"]
[BlackElo "2070"]
[PlyCount "130"]
[EventDate "1993.03.21"]

1. e4 e5 2. Nf3 Nc6 3. Bb5 a6 4. Bxc6 dxc6 5. O-O Qd6 6. d3 Ne7 7. Nbd2 Ng6 8.
Nc4 Qe6 9. Be3 Bd6 10. Qe2 Bd7 11. Rfd1 O-O-O 12. c3 f6 13. b4 Qg4 14. Rd2 Rhf8
15. h3 Qh5 16. Nd4 Qh4 17. Nf5 Bxf5 18. exf5 Nf4 19. Bxf4 Qxf4 20. Qe4 Qxe4 21.
dxe4 Be7 22. Rad1 Rxd2 23. Rxd2 Rd8 24. Rxd8+ Kxd8 25. Na5 Kc8 26. a4 c5 27. b5
axb5 28. axb5 c6 29. bxc6 b6 30. Nc4 Kc7 31. Na3 Kxc6 32. c4 Kb7 33. Kf1 Ka6
34. Ke2 Ka5 35. Kd3 Kb4 36. Nb5 Bd8 37. g3 Kb3 38. f4 Kb4 39. Nd6 Kb3 40. h4 h5
41. fxe5 fxe5 42. Nb5 Kb4 43. Nc3 Kb3 44. Nd5 Kb2 45. Ne3 Kb3 46. Nf1 Kb4 47.
Nd2 Bf6 48. Nf3 b5 49. cxb5 Kxb5 50. Kc3 Bd8 51. Kc2 Bc7 52. Ng5 Kc4 53. Ne6
Bd6 54. Nxg7 Kd4 55. f6 Kxe4 56. f7 Kf3 57. Nxh5 e4 58. Ng7 e3 59. Nf5 Bf8 60.
Nxe3 Kxe3 61. g4 Kf4 62. g5 Kg4 63. Kc3 Kxh4 64. g6 Kg5 65. Kc4 Kxg6 0-1

[Event "Trenton Mini-Swiss (March)"]
[Site "Trenton, Mich."]
[Date "1993.03.21"]
[Round "1"]
[White "Bee, Anthony"]
[Black "Moody, David"]
[Result "0-1"]
[WhiteElo "1838"]
[BlackElo "2070"]
[PlyCount "90"]
[EventDate "1993.03.21"]

1. d4 Nf6 2. Nf3 e6 3. e3 d5 4. Bd3 c5 5. c3 Nc6 6. O-O Bd6 7. Nbd2 O-O 8. Re1
b6 9. e4 cxd4 10. e5 dxc3 11. bxc3 Nxe5 12. Nxe5 Qc7 13. Ndf3 Qxc3 14. Bd2 Qa3
15. Qb3 Bb7 16. Bc3 Rac8 17. Bb2 Qa5 18. a3 Ne4 19. Qb5 Qxb5 20. Bxb5 Rc2 21.
Bd4 f6 22. Ng4 e5 23. Bd3 exd4 24. Bxc2 h5 25. Nh6+ gxh6 26. Nh4 Rc8 27. Bxe4
dxe4 28. Nf5 Be5 29. Ne7+ Kf7 30. Nxc8 Bxc8 31. Rxe4 Bf5 32. f3 Bxe4 33. fxe4
Ke6 34. g3 Bd6 35. Kg2 Ke5 36. Kf3 Bc5 37. a4 d3 38. g4 hxg4+ 39. Kxg4 Kxe4 40.
Re1+ Be3 41. Rf1 d2 42. h3 Bf2 43. Rb1 Kd3 44. Kf3 Kc2 45. Rf1 Be1 0-1

[Event "Boynton Mini-Swiss (March)"]
[Site "Detroit, Mich."]
[Date "1993.03.27"]
[Round "3"]
[White "Moody, David"]
[Black "Chehayeb, Salah"]
[Result "1/2-1/2"]
[WhiteElo "2070"]
[BlackElo "2124"]
[PlyCount "20"]
[EventDate "1993.03.27"]

1. e4 c5 2. c3 g6 3. d4 b6 4. dxc5 bxc5 5. Qd5 Nc6 6. Qxc5 Bg7 7. Bc4 Nf6 8. e5
Ng4 9. f4 e6 10. Nf3 Bf8 1/2-1/2

[Event "Boynton Mini-Swiss (March)"]
[Site "Detroit, Mich."]
[Date "1993.03.27"]
[Round "1"]
[White "Jointer, William"]
[Black "Moody, David"]
[Result "0-1"]
[WhiteElo "1700"]
[BlackElo "2070"]
[PlyCount "58"]
[EventDate "1993.03.27"]

1. e4 e5 2. Nf3 Nc6 3. Bc4 Nf6 4. d4 exd4 5. e5 d5 6. Bb5 Ne4 7. Nxd4 Bc5 8.
Be3 Bd7 9. Nxc6 bxc6 10. Bxc5 Nxc5 11. Be2 Qg5 12. O-O Qxe5 13. Nc3 O-O 14. f4
Qe3+ 15. Kh1 Ne4 16. Nxe4 Qxe4 17. Bd3 Qe7 18. Qh5 h6 19. f5 Qg5 20. Qh3 Rfe8
21. Rf3 Re5 22. Raf1 Rae8 23. Rg3 Qf6 24. Qh5 Bxf5 25. Qf3 Kh8 26. Bxf5 Rxf5
27. c3 Rxf3 28. Rgxf3 Qg6 29. Rxf7 Qxf7 0-1

[Event "King's Island Open"]
[Site "Mason, Ohio"]
[Date "1993.04.03"]
[Round "2"]
[White "Yermolinsky, Alex"]
[Black "Finegold, Mark"]
[Result "1-0"]
[WhiteElo "2690"]
[BlackElo "2240"]
[Annotator "Mark Finegold"]
[PlyCount "69"]
[EventDate "1993.04.03"]

1. e4 c5 2. Nf3 Nc6 3. d4 cxd4 4. Nxd4 Nf6 5. Nc3 d6 6. Bg5 e6 7. Qd2 Be7 8.
O-O-O O-O {This is the only Richter-Rauzer I can remember playing in my entire
tournament career! I figured that a slower, conservative opening was not a
good idea against a strong GM.} 9. Nb3 a6 10. Bxf6 gxf6 11. h4 Kh8 12. g4 b5
13. g5 b4 14. Ne2 $5 {Although I didn't realize it at the time, the players
are following the critical final game of the 1992 Candidates' match between
Nigel Short and Anatoly Karpov.} ({Short played} 14. Na4 {in that game. Yermo
is funneling both knights to the king-side for an attack.}) 14... a5 15. Nbd4
Bb7 ({Perhaps} 15... Bd7 {is better, retaining more influence on the important
e6 and f5 squares.}) 16. Ng3 Rg8 17. f4 {Black has conceded a lot of space and
now faces a typical Sicilian pawnroller on the king-side. I knew I had to
punch my way out of this somehow, but Yermo continued to play quite rapidly as
my counterplay seemed to make no impression.} Nxd4 18. Qxd4 e5 19. fxe5 fxe5
20. Qe3 {DIAGRAM} a4 ({I wasn't sure about} 20... Rxg5 21. Qf3 {with Nf5
coming.}) 21. Kb1 a3 $2 {Talk about gutless.} ({I saw but was too timid to play
} 21... b3 $5 22. cxb3 axb3 23. Qxb3 Qa5 $1 {and it's getting hairy -- White
is behind in development and Black is mobilizing rapidly against the enemy
king. Now the queen-side closes up and Black has little to bite on.}) 22. b3
Bc8 23. Bc4 Be6 24. Rhf1 Rc8 25. Bd5 Qc7 (25... Qc7 {Now, instead of a typical
defensive move like} 26. Rf2 {Yermo chose a rather surprising approach to
defending c2....}) 26. c4 $5 bxc3 27. Kc2 {Putting the king to work! Steinitz
would have appreciated this maneuver.} Bxd5 28. exd5 Qd7 {Thinking about ...
Qg4 or ...Qh3.} 29. Ne4 Rgf8 30. Rf3 Qb7 31. Qd3 Qd7 {Black is moving
aimlessly in time pressure. I needed to get in ... Kg8 about this time, but
couldn't determine how dangerous Nf6+ was.} 32. Rdf1 Bd8 $2 33. Rf6 $1 {Oops.
Now Black is forced into a very poor ending with backward pieces and weak
pawns.} Qg4 34. Qf3 Qxf3 35. R6xf3 {DIAGRAM Black overstepped the time limit.}
(35. R6xf3 {There's still some fight left after} Be7 36. Rxf7 Kg8 {but White
will gather up those weak pawns in due course.}) 1-0

[Event "Boynton Action Grand Prix (April)"]
[Site "Detroit, Mich."]
[Date "1993.04.10"]
[Round "2"]
[White "Reeves, Andre"]
[Black "Moody, David"]
[Result "0-1"]
[WhiteElo "1649"]
[BlackElo "2020"]
[PlyCount "62"]
[EventDate "1993.04.10"]

1. b4 f5 2. f4 e5 3. fxe5 d6 4. Bb2 Qh4+ 5. g3 Qxb4 6. Bc3 Qe4 7. Nf3 dxe5 8.
Bxe5 Nc6 9. Nc3 Qg4 10. Bg2 Nxe5 11. Nxe5 Qd4 12. Nf3 Qg4 13. e3 Bd6 14. Qe2
Nf6 15. O-O O-O 16. Nb5 Bd7 17. Nxd6 cxd6 18. Qd3 Ne4 19. Ne5 dxe5 20. Qxd7
Rad8 21. Qe6+ Kh8 22. Qxe5 Nxd2 23. Rf4 Qe2 24. Qe7 Ne4 25. Bxe4 Qxe3+ 26. Kg2
Rfe8 27. Qc7 Rd2+ 28. Kh3 Qe2 29. Kh4 Qxh2+ 30. Kg5 Qh6+ 31. Kxf5 Qg6# 0-1

[Event "Boynton Action Grand Prix (April)"]
[Site "Detroit, Mich."]
[Date "1993.04.10"]
[Round "5"]
[White "Perry, Reginald"]
[Black "Moody, David"]
[Result "0-1"]
[WhiteElo "2039"]
[BlackElo "2020"]
[PlyCount "74"]
[EventDate "1993.04.10"]

1. e4 e5 2. Nf3 Nc6 3. Bb5 a6 4. Ba4 Nf6 5. d4 b5 6. Bb3 exd4 7. e5 Ne4 8. O-O
Nc5 9. Bd5 Bb7 10. a3 Be7 11. b4 Ne6 12. c3 dxc3 13. Nxc3 O-O 14. Be3 d6 15.
exd6 Bxd6 16. Rc1 Rb8 17. Ne4 Ne5 18. Nxd6 Bxd5 19. Qxd5 Nxf3+ 20. Qxf3 Qxd6
21. Bc5 Nxc5 22. Rxc5 Rb6 23. Rfc1 Rc8 24. Rd1 Qe7 25. Qf5 Rd8 26. Rcd5 Rxd5
27. Qxd5 Rd6 28. Qa8+ Qf8 29. Qxf8+ Kxf8 30. Rxd6 cxd6 31. Kf1 Ke7 32. Ke2 Ke6
33. Ke3 Ke5 34. f4+ Kd5 35. Kd3 f5 36. h3 h6 37. g4 g6 0-1

[Event "Boynton Action Grand Prix (April)"]
[Site "Detroit, Mich."]
[Date "1993.04.10"]
[Round "3"]
[White "Moody, David"]
[Black "Torman, Eric"]
[Result "1/2-1/2"]
[WhiteElo "2020"]
[BlackElo "2416"]
[PlyCount "54"]
[EventDate "1993.04.10"]

1. e4 d6 2. d4 g6 3. Nc3 Bg7 4. f4 Nd7 5. Nf3 c6 6. Bc4 Nh6 7. h3 Nf6 8. e5
dxe5 9. fxe5 Nd5 10. O-O O-O 11. Qe2 Nf5 12. Qf2 f6 13. Bxd5+ cxd5 14. Bf4 Nh6
15. Rae1 Kh8 16. g4 a5 17. exf6 exf6 18. Qe3 Nf7 19. Qe7 Ra6 20. Bc7 Qxe7 21.
Rxe7 Rc6 22. Bxa5 Nd6 23. Rfe1 f5 24. Ne5 Bxe5 25. R1xe5 Nc4 26. Rxd5 fxg4 27.
hxg4 Bxg4 1/2-1/2

[Event "Boynton Action Grand Prix (April)"]
[Site "Detroit, Mich."]
[Date "1993.04.10"]
[Round "4"]
[White "Moody, David"]
[Black "Noren, Kevin"]
[Result "0-1"]
[WhiteElo "2020"]
[BlackElo "2279"]
[PlyCount "86"]
[EventDate "1993.04.10"]

1. e4 c5 2. Nf3 Nc6 3. d4 cxd4 4. Nxd4 g6 5. Nc3 Bg7 6. Be3 Nf6 7. Bc4 Qa5 8.
O-O O-O 9. Qe2 Qh5 10. Qxh5 Nxh5 11. Rad1 Nxd4 12. Bxd4 Nf4 13. Bxg7 Kxg7 14.
Nd5 Nxd5 15. Bxd5 d6 16. Rd3 Be6 17. Bxe6 fxe6 18. c4 Rac8 19. b3 Rc5 20. f4
Rfc8 21. Rfd1 b5 22. e5 bxc4 23. bxc4 dxe5 24. Rd7 R8c7 25. fxe5 Rxc4 26. Kf2
Kf7 27. Ke3 Rxd7 28. Rxd7 Ra4 29. Rd2 g5 30. Rf2+ Ke8 31. Rd2 Rh4 32. h3 Ra4
33. Kf3 Kf7 34. Ke3 h5 35. Rf2+ Kg6 36. Kd3 Ra5 37. Ke4 Ra4+ 38. Kd3 g4 39.
hxg4 hxg4 40. Ke3 g3 41. Rc2 Kf5 42. Kf3 Ra3+ 43. Ke2 Kxe5 0-1

[Event "Boynton Action Grand Prix (April)"]
[Site "Detroit, Mich."]
[Date "1993.04.10"]
[Round "1"]
[White "Moody, David"]
[Black "Boyle, John"]
[Result "1-0"]
[WhiteElo "2020"]
[BlackElo "1237"]
[PlyCount "117"]
[EventDate "1993.04.10"]

1. e4 c5 2. Nf3 d6 3. d4 cxd4 4. Nxd4 Nf6 5. Nc3 g6 6. Be3 Bg7 7. f3 O-O 8. Bc4
Nc6 9. Qd2 Re8 10. O-O-O Qc7 11. Bb3 a6 12. h4 b5 13. h5 e6 14. hxg6 fxg6 15.
Nxc6 Qxc6 16. Qxd6 Qxd6 17. Rxd6 b4 18. Na4 Bd7 19. Nb6 Rab8 20. Nxd7 Nxd7 21.
Rxd7 a5 22. Bh6 Bf6 23. Bf4 Ra8 24. Rdxh7 a4 25. e5 Bg7 26. Bc4 Rac8 27. b3
axb3 28. axb3 Ra8 29. R7h2 Kf7 30. g4 g5 31. Bg3 Ke7 32. Kb2 Rf8 33. Rh7 Kf7
34. R1h6 Kg8 35. Bxe6+ Rf7 36. Bxf7+ Kxf7 37. Rb6 Kg8 38. Rh2 Re8 39. Re2 Kf7
40. Kb1 Rd8 41. e6+ Kg8 42. Rb8 Rxb8 43. Bxb8 Kf8 44. Bd6+ Ke8 45. Re4 Bc3 46.
Bxb4 Bxb4 47. Rxb4 Ke7 48. Re4 Ke8 49. b4 Ke7 50. b5 Ke8 51. b6 Kf8 52. b7 Ke7
53. b8=Q Kf6 54. Qg8 Ke7 55. Qf7+ Kd6 56. e7 Kc5 57. Rc4+ Kd6 58. e8=N+ Ke5 59.
Re4# 1-0

[Event "Boynton Action Grand Prix (April)"]
[Site "Detroit, Mich."]
[Date "1993.04.10"]
[Round "6"]
[White "Levadi, David"]
[Black "Moody, David"]
[Result "0-1"]
[WhiteElo "1973"]
[BlackElo "2020"]
[PlyCount "62"]
[EventDate "1993.04.10"]

1. Nc3 d5 2. e4 d4 3. Nce2 e5 4. f4 d3 5. cxd3 Qxd3 6. Ng3 Qd6 7. fxe5 Qxe5 8.
Nf3 Qa5 9. Bc4 Bc5 10. Qb3 Nh6 11. Qc3 Qxc3 12. bxc3 O-O 13. d4 Bd6 14. O-O Ng4
15. Nf5 Bxf5 16. exf5 Nd7 17. h3 Ngf6 18. Re1 Rae8 19. Rxe8 Rxe8 20. Bd3 Nd5
21. Bb2 Bg3 22. Rd1 Nf4 23. Bc4 Nb6 24. Bb3 Nbd5 25. c4 Ne3 26. Rd2 Nxf5 27. c5
Ne2+ 28. Kf1 Nf4 29. Ne5 Kf8 30. Nf3 f6 31. d5 Nh4 0-1

[Event "Lansing Mini-Swiss (April)"]
[Site "Lansing, Mich."]
[Date "1993.04.11"]
[Round "2"]
[White "Moody, David"]
[Black "Stockham, James"]
[Result "1-0"]
[WhiteElo "2020"]
[BlackElo "1825"]
[PlyCount "57"]
[EventDate "1993.04.11"]

1. e4 c6 2. d4 d5 3. exd5 cxd5 4. Bd3 Nc6 5. c3 Nf6 6. Bf4 Bg4 7. Qb3 Qc8 8.
Nd2 e6 9. Ngf3 Bh5 10. O-O Be7 11. Rae1 O-O 12. Ne5 Nxe5 13. Bxe5 a6 14. f4 Qc6
15. Qc2 Bg6 16. f5 Bxf5 17. Bxf5 exf5 18. Qxf5 Rfe8 19. Re3 Qd7 20. Qg5 Qg4 21.
Rg3 Qxg5 22. Rxg5 h6 23. Rgf5 Rad8 24. R1f3 Kh7 25. Nf1 Rd7 26. Ne3 Red8 27.
Bxf6 Bxf6 28. Ng4 Re8 29. Rxf6 1-0

[Event "Lansing Mini-Swiss (April)"]
[Site "Lansing, Mich."]
[Date "1993.04.11"]
[Round "1"]
[White "Moody, David"]
[Black "Garrison, Ray"]
[Result "0-1"]
[WhiteElo "2020"]
[BlackElo "1807"]
[PlyCount "60"]
[EventDate "1993.04.11"]

1. e4 e6 2. d4 d5 3. Nc3 Bb4 4. e5 Ne7 5. a3 Bxc3+ 6. bxc3 c5 7. Nf3 Nbc6 8. a4
Qc7 9. Bb5 Bd7 10. O-O f6 11. Ba3 fxe5 12. Bxc5 e4 13. Bxe7 Nxe7 14. Bxd7+ Qxd7
15. Ne5 Qc7 16. Qg4 Nf5 17. c4 Nxd4 18. cxd5 Qxe5 19. dxe6 Qxe6 20. Qxg7 Nf3+
21. Kh1 Qe5 22. Qxe5+ Nxe5 23. Rfe1 O-O 24. Rxe4 Ng6 25. f3 Rfe8 26. Rb4 Re7
27. Kg1 Rc8 28. Rab1 b6 29. c4 Ne5 30. Rc1 Nd3 0-1

[Event "Lansing Mini-Swiss (April)"]
[Site "Lansing, Mich."]
[Date "1993.04.11"]
[Round "3"]
[White "Anderson, Gale"]
[Black "Moody, David"]
[Result "0-1"]
[WhiteElo "1794"]
[BlackElo "2020"]
[PlyCount "84"]
[EventDate "1993.04.11"]

1. c4 e5 2. Nc3 Nc6 3. e3 Nf6 4. b3 g6 5. Bb2 Bg7 6. g3 O-O 7. Bg2 d6 8. Nge2
Bf5 9. e4 Bg4 10. f3 Be6 11. Nd5 Nd7 12. Rc1 Bxd5 13. cxd5 Nb4 14. d3 Nc5 15.
Rxc5 dxc5 16. a3 Na6 17. O-O Qd6 18. Qa1 c4 19. bxc4 Nc5 20. Nc1 Qb6 21. Kh1
Na4 22. Bxe5 Bxe5 23. Qxe5 Rae8 24. Qa1 Qe3 25. Qa2 f5 26. f4 fxe4 27. dxe4 Nc3
28. Qb3 a5 29. Na2 Nxd5 30. Qxb7 Nb6 31. Qxc7 Rc8 32. Qe5 Nxc4 33. Qe6+ Kh8 34.
e5 Qd2 35. Bb7 Ne3 36. Rg1 Rc2 37. Bg2 Nxg2 38. Qe7 Kg8 39. Qe6+ Kg7 40. Ra1
Nxf4 41. Qe7+ Rf7 42. Qh4 Qg2# 0-1

[Event "Trenton Action (April)"]
[Site "Trenton, Mich."]
[Date "1993.04.18"]
[Round "3"]
[White "Walls, Ronnie"]
[Black "Moody, David"]
[Result "0-1"]
[WhiteElo "1454"]
[BlackElo "2020"]
[PlyCount "62"]
[EventDate "1993.04.18"]

1. Nf3 Nf6 2. c4 e6 3. Nc3 d5 4. d4 c5 5. dxc5 Bxc5 6. e3 O-O 7. cxd5 exd5 8.
Be2 Nc6 9. O-O Be6 10. a3 Qe7 11. b4 Bb6 12. Bb2 Rfd8 13. Nb5 Rac8 14. Rc1 a5
15. Nfd4 axb4 16. axb4 Qxb4 17. Ba3 Qa5 18. Ra1 Bxd4 19. exd4 Ra8 20. Bb2 Qb6
21. Qd2 Ne4 22. Qc2 Rdc8 23. Qb1 Nd2 24. Qd1 Nxf1 25. Kxf1 Rxa1 26. Qxa1 Qa5
27. Qb1 Ra8 28. Bd3 h6 29. Ba3 Qd2 30. Bc5 Ra2 31. Qe1 Qxd3+ 0-1